LEADER 03388oam 2200709 c 450 001 9910563185703321 005 20240912145512.0 024 7 $a10.3726/b13966 035 $a(CKB)5450000000174115 035 $a(oapen)https://directory.doabooks.org/handle/20.500.12854/28153 035 $a(PH02)9783631754481 035 $a(MiAaPQ)EBC30685998 035 $a(EXLCZ)995450000000174115 100 $a20240525h20182005 uy 0 101 0 $ager 135 $aurnnunnnannuu 181 $ctxt$2rdacontent 182 $cc$2rdamedia 183 $acr$2rdacarrier 200 00$aO?konomie zwischen Wissenschaft und Ethik$eEine dogmenthistorische Untersuchung von Le?on M.E. Walras bis Milton Friedman$fWirtschaftsuniversita?t Wien, Michael Kraft 205 $a1st, New ed. 210 $aFrankfurt a.M$cPH02$d2018 210 $d2018, c2005 215 $a1 online resource (250 p.)$c, EPDF 225 0 $aForschungsergebnisse der Wirtschaftsuniversita?t Wien$v7 300 $aPeter Lang GmbH, Internationaler Verlag der Wissenschaften 311 $a3-631-75448-5 327 $aAus dem Inhalt: Marktzeitalter und traditioneller Liberalismus: Le?on Walras' System der unbedingten U?berlegenheit - Der Wertepluralismus der 1920/30er Jahre: Frank Knights pluralistisches System - Robbins' Ru?ckbau - Die neoliberale Konterrevolution - Milton Friedmans neues Fundament einer positiven Wissenschaft. 330 $aMit der Formulierung der Allgemeinen Gleichgewichtstheorie liegt ein systematischer Ansatz in der o?konomischen Theoriegeschichte vor, die o?konomische Wissenschaft als eine den Naturwissenschaften analoge, exakte Wissenschaftsdisziplin auszuweisen und von der Moralspha?re abzugrenzen. Dieses utopische Ansinnen der Abgrenzung von ethischen U?berlegungen fu?hrte mittels methodologischer Ummodellierungen jedoch nur zu einer kontinuierlichen Beschneidung der Aussagenreichweite der o?konomischen Wissenschaft und der Verschleierung der zugrundeliegenden Werturteile. Die Arbeit geht diesem Anspruch idealtypisch am Beispiel von L. Walras, F. Knight, L. Robbins und M. Friedman nach. Sie zeigt auf, dass die theoriegeschichtliche Entwicklung nicht eine kontinuierliche im Sinne des wissenschaftlichen Fortschritts darstellte und sucht die Wechselwirkungen zwischen Wissenschaft und Ethik aufzudecken. 517 $aOekonomie zwischen Wissenschaft und Ethik 606 $aEconomic theory & philosophy$2bicssc 610 $adogmenthistorische 610 $aEine 610 $aEthik 610 $aFriedman 610 $aFriedman, Milton 610 $aKnight, Frank Hyneman 610 $aKraft 610 $aLéon 610 $aMethodologie 610 $aMilton 610 $aMonetarismus 610 $aNaturwissenschaft 610 $aNeoklassische Theorie 610 $aÖkonomie 610 $aTheoriegeschichte 610 $aUntersuchung 610 $aWalras 610 $aWalras, Léon 610 $aWirtschaftsethik 610 $aWissenschaft 610 $azwischen 615 7$aEconomic theory & philosophy 700 $aKraft$b Michael$4auth$0847187 702 $aKraft$b Michael$4aut 712 02$aWirtschaftsuniversita?t Wien$4edt 801 0$bPH02 801 1$bPH02 906 $aBOOK 912 $a9910563185703321 996 $aO?konomie zwischen Wissenschaft und Ethik$94174097 997 $aUNINA LEADER 01034nam0 22002411i 450 001 UON00073936 005 20231205102401.757 100 $a20020107d1993 |0itac50 ba 101 $aita 102 $aIT 105 $a|||| ||||| 200 1 $aAfrica Orientale$eKenya, Tanzania, Uganda nella Biblioteca della Facoltà di Scienze Politiche dell'Università degli Studi di Napoli "Federico II"$fLiliana Mosca 210 $aNapoli$c[s.n.]$d1993 215 $a41 p.$d24 cm 606 $aBiblioteche universitarie$xItalia$xCataloghi$3UONC019484$2FI 676 $a027.745$cBIBLIOTECHE UNIVERSITARIE - Italia$v21 700 1$aMOSCA$bLiliana$3UONV044930$0232344 801 $aIT$bSOL$c20260313$gRICA 899 $aSIBA - SISTEMA BIBLIOTECARIO DI ATENEO E ARCHIVIO STORICO$2UONSI 912 $aUON00073936 950 $aSIBA - SISTEMA BIBLIOTECARIO DI ATENEO E ARCHIVIO STORICO$dSI ST Bibl 058 $eSI AA 16429 5 058 996 $aAfrica Orientale$91165581 997 $aUNIOR